Desert

Bibliographic Details
Main Author: Palmer, Joy
Format: Book
Published: London : Franklin Watts , 1991
Series:First start
Subjects:

MARC

LEADER 00000cam a2200000 7i4500
001 0000001250
002 000001379
005 20000330.0
020 |a 0749605731 
090 0 0 |a J 030   |b FIR 
100 1 |a Palmer, Joy 
245 1 0 |a Desert   |c Joy Palmer 
260 |a London :   |b Franklin Watts ,   |c 1991 
300 |a 32 p. ;   |c 22 cm. 
490 0 |a First start 
650 0 0 |a Deserts   |x Juvenile literature 
999 |a 026910   |b BUKU   |c PINJAMAN   |e PERPUSTAKAAN KOMUNITI PETALING JAYA 
999 |a 031019   |b BUKU   |c PINJAMAN   |e PERPUSTAKAAN KOMUNITI PETALING JAYA